000 00431nam a2200121Ia 4500
008 220615s9999||||xx |||||||||||||| ||und||
245 2 _aA global history of early modern violence
546 _aEnglish[eng]
650 _aTechnology & Engineering||Agriculture
700 _aCharters, Erica||Houllemare, Marie||Wilson, Peter H.
856 _uhttps://library.oapen.org/bitstream/20.500.12657/46528/1/external_content.pdf
942 _cEB
999 _c14984
_d14984